Contabilidad gubernamental

Bibliographic Details
Main Author: Romero Romero, Enrique
Format: eBook
Language:Spanish
Published: Bogot:̀ Ediciones de la U, 2019
Subjects:
Online Access:Acceso restringido

MARC

LEADER 00000nam a22000007a 4500
005 2019111301451.0
007 cr|||| ||||
008 191113s2019 co |||||s|||| 00||0 spa d
020 |a 978-958-762-983-5 
035 |a 30659 
040 |a vLex 
090 |c 9994  |d 9994 
100 1 |a Romero Romero, Enrique 
245 1 0 |a Contabilidad gubernamental  |h [Recurso electrn̤ico] /  |c Enrique Romero Romero 
256 |a Servicio en ln̕ea 
260 |a Bogot:̀  |b Ediciones de la U,  |c 2019 
300 |a 1 recurso electrn̤ico 
506 1 |a Disponible solo en los productos indicados  |d vLex Global  |d vLex Global (Academic Edition, excluding Law Schools)  |d vLex Global (U.S. Academic Edition, Law Schools)  |d vLex Global (U.S. Academic Edition, excluding Law Schools)  |d vLex Global (Academic Edition, Law Schools) 
650 0 4 |a Derecho Pb︢lico y Administrativo  |z Colombia 
740 0 |a vLex Libros (Servicio en ln̕ea) 
856 4 0 |u http://vlex.com/source/contabilidad-gubernamental-30659  |z Acceso restringido 
942 |c BOOK 
999 0 |a Public and Administrative Law